|
|
|
|
| LEADER |
01186nam a2200265 u 4500 |
| 001 |
10068204 |
| 003 |
upatras |
| 005 |
20240603114704.0 |
| 008 |
081103s1997 us eng |
| 020 |
|
|
|a 9781565842472
|
| 040 |
|
|
|a ΠΑΝΕΠΙΣΤΗΜΙΟ ΠΑΤΡΑΣ
|c ΠΑΝΕΠΙΣΤΗΜΙΟ ΠΑΤΡΑΣ
|
| 041 |
0 |
|
|a eng
|
| 082 |
0 |
4 |
|a 304.23
|
| 100 |
|
|
|a Lippard, Lucy R.
|9 62541
|
| 245 |
1 |
0 |
|a The lure of the local
|b senses of place in a multicentered society
|c Lucy R.Lippard
|
| 260 |
|
|
|a New York
|b The New Press
|c 1997
|
| 300 |
|
|
|a 328 p.
|b phot.
|c 24 cm.
|
| 504 |
|
|
|a Includes bibliography and index
|
| 650 |
|
4 |
|a Ανθρωπογεωγραφία
|z Ηνωμένες Πολιτείες Αμερικής
|9 61865
|
| 651 |
|
4 |
|9 87925
|a Ηνωμένες Πολιτείες Αμερικής
|x Κοινωνική ζωή και έθιμα
|
| 852 |
|
|
|a GR-PaULI
|b ΠΑΤΡΑ
|b ΑΡΧΙΤΕΚΤΟΝΙΚΗ
|k ΑΣΧΞ-2
|h 304.23 LIP
|m 005993
|p 025000156642
|t 1
|
| 942 |
|
|
|2 ddc
|c BK15
|
| 952 |
|
|
|0 0
|1 0
|4 0
|6 304_230000000000000_LIP
|7 0
|9 69002
|a ARCH
|b ARCH
|d 2016-04-24
|i 005993
|l 0
|o 304.23 LIP
|p 025000156642
|r 2016-04-24 00:00:00
|t 1
|w 2016-04-24
|y BK15
|
| 998 |
|
|
|c Λοτσάρη
|d 2008-11
|
| 999 |
|
|
|c 44474
|d 44474
|